MDQL
is popping MORE tags! Check the
thread
!
Quizzes
Events
Quiz Creation
Community
Videos
Private Events
Remove Ads
Sign In
Join for FREE
Feedback
Dark Mode
Quiz Categories
Sports
Geography
Music
Movies
Television
Just For Fun
Miscellaneous
History
Literature
Language
Science
Gaming
Entertainment
Religion
Holiday
For Kids
Quiz Lab
Recent
Popular Today
Quiz Kudos Today
Editor Picks
Curator Picks
Quizzes by...
Day
Popularity
Type
Ratings
Length
Year
Community
Subscriptions
Recent Discussions
Orange Saloon
Badges
Playlists
Quests
Create
Leaderboards
Showdown
Live 5
Trivia Bingo
Activity
Puzzle Library
Sporcle Events
Private Events
Virtual Trivia
Globe League
Become a Host
Pub Owners
SporcleCon
Opinionation
Our Games
Videos
Blog
Mobile Apps
Partnerships
Remove Ads and Go Orange
Feedback
Gaming
Video Games
Board Games
Card Games
Pokémon
Mario
Nintendo
Minecraft
Console
Toys
Legend of Zelda
Gaming
Video Games
Board Games
Card Games
Pokémon
Mario
Nintendo
Minecraft
Console
Toys
Legend of Zelda
Random Quiz
Search Sporcle
×
Quiz Lab
Quiz Lab
Gaming
Pokémon
Type in answers that appear in a list
Type in answers that appear in a list
Classic
Best Score? Go Orange.
150 first pokémon (english) Stats
Can you name the 150 first pokémon in english?
By
KristoSlater
15m
150 Questions
71 Plays
71 Plays
71 Plays
Comments
Comments
Give Quiz Kudos
Give Quiz Kudos
-
- Ratings
hide this ad
Replay
Link that replays current quiz
Next Quiz
Link to next quiz in quiz playlist
You Got
0%
They Got
Avg Score
62%
Avg Friend Score
Upgrade to see
Score Distribution
Jump to the score distribution portion of the page
Score
0/150
Timer
15:00
0
Plays Today
% Correct
Charmander
93%
Charizard
93%
Squirtle
93%
Wartortle
93%
Bulbasaur
91.5%
Charmeleon
91.5%
Blastoise
91.5%
Pidgey
91.5%
Ivysaur
90.1%
Metapod
90.1%
Butterfree
90.1%
Weedle
90.1%
Pidgeotto
90.1%
Pidgeot
90.1%
Caterpie
88.7%
Kakuna
88.7%
Pikachu
88.7%
Beedrill
87.3%
Spearow
85.9%
Venusaur
84.5%
Raichu
84.5%
Fearow
83.1%
Arbok
80.3%
Geodude
80.3%
Rattata
78.9%
Ekans
78.9%
Raticate
77.5%
Mewtwo
77.5%
Nidoran
76.1%
Nidoqueen
76.1%
Nidoran
76.1%
Nidoking
76.1%
Articuno
76.1%
Zapdos
76.1%
Nidorina
74.6%
Graveler
74.6%
Nidorino
73.2%
Moltres
73.2%
Jigglypuff
71.8%
Abra
71.8%
Bellsprout
71.8%
Golem
71.8%
Snorlax
71.8%
Growlithe
70.4%
Arcanine
70.4%
Kadabra
70.4%
Alakazam
70.4%
Machamp
70.4%
Onix
70.4%
Dratini
70.4%
% Correct
Machop
69%
Machoke
69%
Magikarp
69%
Dragonite
69%
Sandshrew
67.6%
Sandslash
67.6%
Oddish
67.6%
Vaporeon
67.6%
Dragonair
67.6%
Clefairy
66.2%
Vulpix
66.2%
Meowth
66.2%
Gastly
66.2%
Haunter
66.2%
Lapras
66.2%
Evee
66.2%
Gloom
64.8%
Ponyta
64.8%
Jolteon
64.8%
Flareon
64.8%
Vileplume
63.4%
Dugtrio
63.4%
Persian
63.4%
Gengar
63.4%
Hitmonlee
63.4%
Staryu
63.4%
Ninetales
62%
Zubat
62%
Golbat
62%
Weepinbell
62%
Rapidash
62%
Hitmonchan
62%
Koffing
62%
Weezing
62%
Starmie
62%
Jynx
62%
Magmar
62%
Clefable
60.6%
Muk
60.6%
Goldeen
60.6%
Gyarados
60.6%
Kabuto
60.6%
Electabuzz
59.2%
Mankey
57.7%
Primeape
57.7%
Victreebel
57.7%
Grimer
57.7%
Seaking
57.7%
Ditto
57.7%
Horsea
56.3%
% Correct
Kabutops
56.3%
Poliwhirl
54.9%
Seel
54.9%
Voltorb
54.9%
Chansey
54.9%
Scyther
54.9%
Aerodactyl
54.9%
Venomoth
53.5%
Electrode
53.5%
Seadra
53.5%
Paras
52.1%
Psyduck
52.1%
Poliwag
52.1%
Magnemite
52.1%
Pinsir
52.1%
Omanyte
52.1%
Venonat
50.7%
Golduck
50.7%
Poliwrath
50.7%
Magneton
50.7%
Rhyhorn
50.7%
Omastar
50.7%
Parasect
49.3%
Tentacool
49.3%
Tentacruel
49.3%
Krabby
49.3%
Tauros
49.3%
Hypno
47.9%
Slowpoke
46.5%
Slowbro
46.5%
Doduo
46.5%
Cloyster
46.5%
Kingler
46.5%
Rhydon
46.5%
Kangaskhan
46.5%
Porygon
46.5%
Shellder
45.1%
Cubone
42.3%
Marowak
42.3%
Tangela
42.3%
Digglett
40.8%
Dodrio
40.8%
Exeggcute
33.8%
Lickitung
33.8%
Exeggutor
29.6%
Drowsee
26.8%
Wiggletuff
9.9%
Dewong
5.6%
Farfetch'd|Farfetchd
1.4%
Mr Mime|Mr. Mime
1.4%
Quiz Playlist
Details
Report
Send in Message
Add To Playlist
Classic:
Type in answers that appear in a list
Last Updated: Feb 16, 2017
Quiz Scoreboard
CHALLENGE
Sign Up to Join the Scoreboard
Show All
Scores
Hide
Comments
May contain spoilers
Recently Published
Image Sorting: Flags VI
by Barbecue
Geography
2m
Find the 'City' Movie
by crazypaving
Movies
60s
Colored Red Africa Blitz
by spor1
Geography
45s
More to Explore
Quiz From the Vault
Featured Blog Post
14 Easter Pick-up Lines to Find Eggs With
hide this ad
You Might Also Like...
Tags
Pokémon Quiz
150
English
Today's Top Quizzes in Gaming
Browse Gaming
hide this ad
Today's Top Quizzes in Pokémon
Browse Pokémon
Top Contributed Quizzes in Gaming
1
League of Legends Pro Players by Career/Team History
2
Destiny 2 exotic weapons by perk icons
3
Genshin murder mystery
4
Dead By Daylight Logic Puzzle
5
Genshin Impact Logic Puzzle
6
Overwatch Logic Puzzle
7
4x4 Decades: Video Games
8
Who's on the WWE 2K24 Cover?
9
Overwatch 2: Ultimate Ability Icons
10
Valorant Agent Developer Names (Up to Clove)
Explore More
Trending Topics
Crossword
Harry Potter
Marvel
Kpop
Anime
Disney
NBA
The Office
NFL
Pokémon
Soccer
Country
WWE
Puzzle
Song
hide this ad
More By:
KristoSlater
Quiz
Plays
Rating
Category
Featured
Created
150 first pokémon (english)
71
2.00
Gaming
Apr 25, 2013
Go to Creator's Profile
Score Distribution
Quiz Creator Spotlight
KristoSlater
Follow
Send a Message
Quizzes Created
-
Created Quiz Play Count
-
More By This Creator
Popular Quizzes Today
1
Colored Red Africa Blitz
2
Find the US States - No Outlines Minefield
3
Find the 'City' Movie
4
5x2 Blitz: Bands
5
The Countries of the World
6
Find the US States
7
Find the Countries of Europe - No Outlines Minefield
8
US States
More Gaming Quizzes
Minesweeper 10x10 - Easy IX
Quiz Lab
Trending Quizzes
Colored Red Europe Blitz I
Colored Red Europe Blitz II
Colored Red Africa Blitz II
Colored Red Europe Blitz III
Colored Red Africa Blitz III
Recently Updated
How Do You Spell That?
pecheneg
Godzilla Movies
pecheneg
Grab Bag: 4-10 Letters
pecheneg
2024 March Madness Bracket
pecheneg
Famous TV Couples
Peacemaker
Champions League XIs: Real Madrid
pecheneg
Largest US Cities 1790-2010
pecheneg
Rides in Walt Disney World
pecheneg
Most Oscar Losses (Acting)
pecheneg
Beyoncé Albums
pecheneg
Trending Topics
Anime
Kpop
Harry Potter
Crossword
NBA
Marvel
Disney
WWE
Soccer
Song
Puzzle
NFL
Pokémon
Country
The Office
Your Account Isn't Verified!
In order to create a playlist on Sporcle, you need to verify the email address you used during registration. Go to your
Sporcle Settings
to finish the process.
Report this User
Report this user for behavior that violates our
Community Guidelines
.
Details:
Send Report
Go to the Sporcle.com Mobile Site →
Comments